01106nam a2200289Ia 450000500170000000800270001702000150004408200160005910000180007524501080009325000180020130000400021950000510025950000250031050000480033550400270038353400380041060000720044865000640052065000440058470000380062826400270066633600270069333700330072033800280075304000350078120220317000411.0141031s9999 ck 000 0 spa d a848980485004a820.4bB41j1 aBlake, Andrew10aJ.R.R. Tolkienbguía para jóvenes cAndrew Blake ; traducido del íngles por Carlos Olalla Linares a1a. edición a91 páginasbilustracionesc21 cm. aIncluye glosario e índice al final del texto aIncluye cronología aIncluye glosario, cronología, biografía aIncluye bibliografía tJ.R.R Tolkien. A beginner's guide14aTolkien, John Ronald Reueld1892-1973qCrítica e interpretación142LEMBaLiteratura fantástica inglesaxHistoria y crítica142LEMBaMitologíaxHistoria y crítica1 aOlalla Linares, Carlosetraductor aMadridbLóguezc2004 atextobtxt2rdacontent asin mediaciónbn2rdamedia avolumenbnc2rdacarrier aCO-BoRNBPbspaerdacCO-BoRNBP